000 00671nam a2200241 a 4500
999 _c4324
_d4324
001 4324
003 BD-JhCC
005 20171126135941.0
008 500101s1963 us a b 001 0 eng d
010 _aLC 71-174625
035 _a(BD-JhCC)4324
040 _aEnglish
_cBD-JhCC
_dBD-JhCC
050 0 _aG141
_bP6 1972
082 _a911
_bPOU 1963
092 _aD0501134949
100 1 _aPounds, Norman John Greville.
245 1 0 _aPolitical geography /
_cNorman J.G. Pounds.
260 _aNew York :
_bMcGraw-Hill Book Co,
_c1963.
300 _aviii, 422 p. :
_bill. ;
_c24 cm.
504 _aIncludes bibliographies.
650 0 _aPolitical geography.
942 _2ddc
_cBK